| 000 | 00392nam a2200121Ia 4500 | ||
|---|---|---|---|
| 008 | 200922s9999 xx 000 0 und d | ||
| 020 | _a978-971-9811-57-2 | ||
| 100 | _aAduana, Nick L. | ||
| 245 |
_cNick L. Aduana _aConceptual framework and accounting standards/ |
||
| 260 |
_aManila: _bC&E Publishing _c2019 |
||
| 300 |
_axviii, 653 pages _c22 cm. |
||
| 650 | _aFinancial statements -- standards | ||
| 999 |
_c364392 _d364392 |
||